000 00288nam a22001337a 4500
008 170911b xxu||||| |||| 00| 0 eng d
020 _a9780415137683
041 _aeng
080 _a91
100 _a42
101 _aGJEO
245 _aCONSUMING GEOGRAPHIES
_cBELL, D
942 _2udc
_cBK
999 _c26941
_d26941